Catálogo
 En Linea

El Doblaje / (Registro nro. 43408)

Detalles MARC
000 -CABECERA
campo de control de longitud fija 00726nam a2200217 a 4500
001 - NÚMERO DE CONTROL
campo de control 000043919
005 - FECHA Y HORA DE LA ÚLTIMA TRANSACCIÓN
campo de control 20201002045037.0
008 - DATOS DE LONGITUD FIJA--INFORMACIÓN GENERAL
campo de control de longitud fija 140508s1997 sp a 000 0 spa d
020 ## - NÚMERO INTERNACIONAL ESTÁNDAR DEL LIBRO
Número Internacional Estándar del Libro 8437615216
040 ## - FUENTE DE LA CATALOGACIÓN
Centro catalogador/agencia de origen DO-SdBNP
Lengua de catalogación spa
Centro/agencia transcriptor BNPHU
082 ## - NÚMERO DE LA CLASIFICACIÓN DECIMAL DEWEY
Número de clasificación xxxx
Número de documento/Ítem xxxx
100 1# - ENTRADA PRINCIPAL--NOMBRE DE PERSONA
Nombre de persona Ávila, Alejandro
9 (RLIN) 71827
245 13 - MENCIÓN DE TÍTULO
Título El Doblaje /
Mención de responsabilidad, etc. Alejandro Ávila ; prólogo Joaquim Romaguera I Ramió.
260 ## - PUBLICACIÓN, DISTRIBUCIÓN, ETC.
Lugar de publicación, distribución, etc. Madrid :
Nombre del editor, distribuidor, etc. Cátedra,
Fecha de publicación, distribución, etc. 1997.
300 ## - DESCRIPCIÓN FÍSICA
Extensión 167 p. :
Otras características físicas il. ;
Dimensiones 21 cm.v.
490 1# - MENCIÓN DE SERIE
Mención de serie Signo e imagen
Designación de volumen o secuencia 46
500 ## - NOTA GENERAL
Nota general Incluye referencias bibliográficas y notas al pie de las páginas
504 ## - NOTA DE BIBLIOGRAFÍA, ETC.
Nota de bibliografía, etc. Bibliografía : p. 157-164
700 12 - PUNTO DE ACCESO ADICIONAL--NOMBRE DE PERSONA
Nombre de persona Romaguera I Ramió, Joaquim
Término indicativo de función/relación pról.
9 (RLIN) 48325
830 #0 - PUNTO DE ACCESO ADICIONAL DE SERIE-TÍTULO UNIFORME
Título uniforme Signo e imagen ;
Número de parte o sección de la obra 46
9 (RLIN) 71828
Existencias
Estado de retiro Estado de pérdida Restricciones de uso No para préstamo Código de colección Localización permanente Ubicación/localización actual Ubicación en estantería Fecha de adquisición Número de inventario Total de préstamos Signatura topográfica completa Código de barras Fecha visto por última vez Precio válido a partir de Tipo de ítem Koha
      Excluido de préstamo Monografías: Libros y Folletos General General En catalogación 08.05.2014 LF1   xxxx xxxx 43919-10 25.06.2020 25.06.2020 No se presta

Con tecnología Koha